| 000 | 00644cam a22002291 4500 | ||
|---|---|---|---|
| 001 | he 68000816 | ||
| 003 | DLC | ||
| 005 | 20260227111455.0 | ||
| 008 | 841212s1967 is 000 0 heb | ||
| 010 | _ahe 68000816 | ||
| 035 | _a(OCoLC)19195244 | ||
| 040 |
_aDLC _cMH _dCU _dDLC |
||
| 042 | _apremarc | ||
| 050 | 0 | 0 |
_aPJ5053.K45 _bZ5 |
| 100 | 1 |
_aKeshet, Yeshurun, _d1893- |
|
| 245 | 1 | 0 |
_aBen ha-ʻarmon ṿeha-lilakh / _cYeshurun Ḳeshet. |
| 260 |
_a[Tel Aviv] : _bʻAm ʻoved, _c[1967] |
||
| 300 |
_a164 p. ; _c20 cm. |
||
| 500 | _aAdded t.p.: Charmed youth; an autobiography. | ||
| 740 | 0 | _aCharmed youth. | |
| 752 |
_aIsrael _dTel Aviv |
||
| 999 |
_c33094 _d33094 |
||